[Event "ICS rated standard match"]
[Site "204.178.125.65"]
[Date "2000.05.20"]
[Round "?"]
[White "Amateur"]
[Black "Hossa"]
[Result "1-0"]
[WhiteElo "2294"]
[BlackElo "2361"]
[PlyCount "119"]
[EventDate "2000.??.??"]

1. d4 Nf6 2. Nf3 g6 3. g3 Bg7 4. Bg2 O-O 5. Nc3 d5 6. Bf4 Na6 7. Qd2 c5 8. dxc5
Nxc5 9. O-O-O Nce4 10. Qe1 Nxc3 11. Qxc3 Ne4 12. Qb3 Be6 13. Be3 d4 14. Qa3 Bg4
15. Bxd4 Qc7 16. Bxg7 Kxg7 17. Qb4 Bxf3 18. Bxf3 Nd6 19. Rd2 Rac8 20. Qd4+ Kg8
21. Bg4 Rcd8 22. Rhd1 Qa5 23. Qd5 Qb6 24. e4 e5 25. f3 a6 26. Qb3 Qc7 27. Qc3
Qxc3 28. bxc3 f5 29. exf5 gxf5 30. Bh3 Nf7 31. Bxf5 Rxd2 32. Rxd2 Ng5 33. g4 b5
34. Rd3 Rf6 35. h4 Nf7 36. Rd7 h6 37. Ra7 h5 38. Be4 hxg4 39. fxg4 Kf8 40. g5
Rf1+ 41. Kb2 Rf4 42. Bd5 Nd6 43. h5 Rg4 44. Rxa6 Nc4+ 45. Bxc4 bxc4 46. h6 Rh4
47. Rf6+ Kg8 48. a4 e4 49. a5 Rh5 50. Rg6+ Kf7 51. Rg7+ Ke6 52. a6 Rh1 53. a7
Rd1 54. a8=Q Kf5 55. h7 Rh1 56. Rf7+ Ke5 57. Rf6 Rb1+ 58. Kxb1 e3 59. Qa5+ Ke4
60. Qf5# {Hossa checkmated} 1-0

[Event "ICS rated blitz match"]
[Site "204.178.125.65"]
[Date "2000.05.20"]
[Round "?"]
[White "DNAgene"]
[Black "Hossa"]
[Result "0-1"]
[WhiteElo "2170"]
[BlackElo "2522"]
[PlyCount "162"]
[EventDate "2000.??.??"]

1. d4 Nf6 2. Nf3 g6 3. b3 Bg7 4. Bb2 d5 5. g3 Bf5 6. Bg2 O-O 7. O-O Nbd7 8. c4
c5 9. Nc3 dxc4 10. bxc4 Nb6 11. Ne5 Qxd4 12. Qxd4 cxd4 13. Nb5 Ng4 14. Nxg4
Bxg4 15. Bxd4 Bxd4 16. Nxd4 e5 17. h3 Bxh3 18. Bxh3 exd4 19. c5 Na4 20. Rfd1
Rad8 21. Rac1 Nc3 22. Rd2 Rde8 23. Kf1 Re5 24. Bg2 Rxc5 25. Bxb7 Rb8 26. Bf3
Rb4 27. a3 Nb1 28. Rxc5 Nxd2+ 29. Kg2 Ra4 30. Rd5 Kg7 31. Rd7 Nxf3 32. exf3 Kf6
33. f4 Ke6 34. Rd8 h5 35. Kf1 f6 36. Kg2 a6 37. Kf1 a5 38. Kg2 g5 39. fxg5 fxg5
40. Kh3 Ke5 41. Kg2 Rxa3 42. Re8+ Kf5 43. Rf8+ Ke4 44. Re8+ Kd5 45. Rg8 g4 46.
Rg5+ Kc4 47. Rxh5 a4 48. Rg5 Rb3 49. Rxg4 Rb5 50. Rg8 a3 51. Ra8 Kb3 52. f4 a2
53. Kf3 d3 54. Ke3 Rd5 55. Kd2 Rd4 56. Rb8+ Ka3 57. Ra8+ Ra4 58. Rxa4+ Kxa4 59.
Kxd3 Kb5 60. Ke4 Kc5 61. g4 Kd6 62. g5 Kc5 63. f5 Kc4 64. f6 a1=Q 65. Kf5 Qb1+
66. Ke6 Qg6 67. Ke7 Kd5 68. f7 Qxg5+ 69. Ke8 Qe5+ 70. Kf8 Ke6 71. Kg8 Qg5+ 72.
Kh8 Qh5+ 73. Kg7 Qg4+ 74. Kh7 Qh4+ 75. Kg6 Qg3+ 76. Kh5 Qh3+ 77. Kg5 Qe3+ 78.
Kg6 Qe4+ 79. Kg5 Kxf7 80. Kh5 Kf6 81. Kh6 Qh4# {DNAgene checkmated} 0-1

[Event "ICS rated blitz match"]
[Site "204.178.125.65"]
[Date "2000.05.20"]
[Round "?"]
[White "cmslim"]
[Black "Hossa"]
[Result "1-0"]
[WhiteElo "2606"]
[BlackElo "2526"]
[PlyCount "63"]
[EventDate "2000.??.??"]

1. e4 c5 2. Nf3 e6 3. d4 cxd4 4. Nxd4 Nf6 5. Nc3 Bb4 6. e5 Nd5 7. Bd2 Bxc3 8.
bxc3 Nc6 9. Qg4 Nxe5 10. Qxg7 Ng6 11. Nb5 d6 12. Bd3 Kd7 13. Qxf7+ Nde7 14.
Bxg6 hxg6 15. Bg5 Rf8 16. Bxe7 Qxe7 17. Qxg6 Rf5 18. c4 Rg5 19. Qd3 a6 20. Nc3
Rxg2 21. O-O-O Rxf2 22. Ne4 Rg2 23. Rhf1 Kd8 24. Nxd6 Bd7 25. Rf7 Qg5+ 26. Kb1
Rd2 27. Rxd2 Qg1+ 28. Kb2 Rc8 29. Nxc8 Qb6+ 30. Nxb6 Kc7 31. Qd6+ Kd8 32. Qxd7#
{Hossa checkmated} 1-0

[Event "ICS rated blitz match"]
[Site "204.178.125.65"]
[Date "2000.05.20"]
[Round "?"]
[White "Hossa"]
[Black "postalex"]
[Result "1/2-1/2"]
[WhiteElo "2514"]
[BlackElo "2154"]
[PlyCount "74"]
[EventDate "2000.??.??"]

1. e4 Nc6 2. Nf3 d6 3. Bb5 a6 4. Bxc6+ bxc6 5. O-O g6 6. Nc3 Bg7 7. d3 Nf6 8.
Nd4 Bd7 9. Bg5 O-O 10. Qd2 c5 11. Nde2 Rb8 12. Rab1 Bc6 13. f3 e6 14. Bh6 Qd7
15. Ng3 Ba8 16. Qg5 Qd8 17. Bxg7 Kxg7 18. a3 h6 19. Qe3 Nd7 20. Rfe1 f5 21.
exf5 exf5 22. Qd2 Qf6 23. Re2 Rfe8 24. Rxe8 Rxe8 25. Re1 Qd4+ 26. Kh1 Qf4 27.
Qf2 Re5 28. Kg1 h5 29. Nge2 Qd2 30. f4 Re7 31. Rc1 Nf6 32. Qe1 Qe3+ 33. Qf2 Qd2
34. Qe1 Qe3+ 35. Qf2 Qd2 36. Qe1 Qe3+ 37. Qf2 Qd2 1/2-1/2

[Event "ICS rated standard match"]
[Site "204.178.125.65"]
[Date "2000.05.20"]
[Round "?"]
[White "Hossa"]
[Black "trinity"]
[Result "1-0"]
[WhiteElo "2342"]
[BlackElo "2248"]
[PlyCount "115"]
[EventDate "2000.??.??"]

1. e4 e6 2. Nc3 d5 3. exd5 exd5 4. Nf3 Nf6 5. d4 Bg4 6. Be2 Bb4 7. Ng5 Bf5 8.
O-O O-O 9. a3 Bxc3 10. bxc3 Nbd7 11. c4 c6 12. Rb1 Qc7 13. Re1 Rfe8 14. Be3 h6
15. Nf3 Ne4 16. Qc1 Nc3 17. Rb3 Nxe2+ 18. Rxe2 dxc4 19. Rb1 Nb6 20. Qe1 Bg4 21.
Bd2 Rxe2 22. Qxe2 Qd7 23. Be3 Qf5 24. Nh4 Qh5 25. f3 Be6 26. Bf2 Qa5 27. Ra1
Re8 28. g4 Qc3 29. Ra2 Nd5 30. Ng2 b5 31. Qd1 a6 32. Be1 Ne3 33. Qe2 Qxd4 34.
c3 Qd3 35. Qxe3 Qxe3+ 36. Nxe3 Bxg4 37. fxg4 Rxe3 38. Kf2 Rh3 39. Kf1 Rf3+ 40.
Rf2 Rd3 41. Re2 Kf8 42. Kg2 a5 43. Re5 a4 44. h4 g6 45. Re2 Kg7 46. Bf2 f5 47.
Bd4+ Kf7 48. gxf5 gxf5 49. Re5 f4 50. Rf5+ Ke6 51. Rf6+ Kd5 52. Rxf4 b4 53.
axb4 a3 54. Rf5+ Ke4 55. Re5+ Kf4 56. Re2 Rf3 57. Be5+ Kg4 58. Re4+ {
trinity resigns} 1-0

[Event "ICS rated standard match"]
[Site "204.178.125.65"]
[Date "2000.05.20"]
[Round "?"]
[White "Hossa"]
[Black "QueenMaxima"]
[Result "0-1"]
[WhiteElo "2354"]
[BlackElo "2300"]
[PlyCount "136"]
[EventDate "2000.??.??"]

1. e4 c5 2. Nf3 d6 3. d4 cxd4 4. c3 Nf6 5. e5 Nd5 6. Bb5+ Bd7 7. Bxd7+ Qxd7 8.
cxd4 Nc6 9. O-O dxe5 10. Nxe5 Nxe5 11. dxe5 e6 12. Nc3 Nxc3 13. bxc3 Qxd1 14.
Rxd1 Rc8 15. Rb1 b6 16. Rd3 Bc5 17. Bg5 h6 18. Bh4 g5 19. Bg3 Rd8 20. Rbd1 Rxd3
21. Rxd3 Ke7 22. h4 Rc8 23. Kf1 Ba3 24. Ke2 Rc4 25. hxg5 hxg5 26. Kd2 Bc5 27.
Kc2 b5 28. Rd1 Bb6 29. Kb3 a5 30. Rd6 a4+ 31. Kb2 Bc7 32. Rd4 Rc5 33. Re4 Ke8
34. Re2 Ba5 35. Re3 Rc4 36. Rd3 Bc7 37. Kc2 Rc5 38. Re3 b4 39. Kb2 bxc3+ 40.
Kc2 Ba5 41. Re4 Rb5 42. Rxa4 Rb2+ 43. Kc1 Bb6 44. a3 Ra2 45. Rc4 Rxa3 46. Kb1
Kd7 47. Rg4 Bd8 48. Kc2 f5 49. exf6 Bxf6 50. Rc4 Ra2+ 51. Kd1 Ke8 52. Rc7 Bd4
53. Ke1 e5 54. Kd1 Kd8 55. Rc6 Kd7 56. Rc4 Rd2+ 57. Ke1 Ke6 58. Rc7 Ra2 59. Rc8
Kd5 60. Kd1 Ke4 61. Rf8 g4 62. Kc1 Kd3 63. Rb8 Re2 64. f3 Be3+ 65. Kb1 c2+ 66.
Ka2 c1=Q+ 67. Kb3 Qb1+ 68. Ka4 Ra2# {Hossa checkmated} 0-1

[Event "ICS Rated blitz match"]
[Site "204.178.125.65"]
[Date "2000.05.21"]
[Round "?"]
[White "Hossa"]
[Black "cmslim"]
[Result "0-1"]
[WhiteElo "2502"]
[BlackElo "2618"]
[PlyCount "126"]
[EventDate "2000.??.??"]

1. e4 e5 2. Nf3 Nc6 3. Bb5 a6 4. Ba4 Nf6 5. O-O Be7 6. Re1 b5 7. Bb3 d6 8. d3
O-O 9. Nc3 Na5 10. Bg5 h6 11. Bxf6 Bxf6 12. Nd5 c6 13. Nxf6+ Qxf6 14. d4 Bg4
15. Re3 Qf4 16. Qd3 Nxb3 17. axb3 f5 18. dxe5 Bxf3 19. Rxf3 Qxe5 20. exf5 Qxb2
21. Qc3 Qxc3 22. Rxc3 c5 23. Rd3 Rf6 24. Rd5 Kf7 25. g4 g6 26. h4 gxf5 27. gxf5
Ke7 28. f4 a5 29. Kg2 Kd7 30. Kf3 Kc6 31. Rad1 a4 32. bxa4 bxa4 33. c4 a3 34.
Ke4 Ra4 35. Kd3 a2 36. Ra1 Rf7 37. f6 Rxf6 38. f5 Rf7 39. Kc3 Rb7 40. Rd2 Ra3+
41. Kc2 Rb4 42. Rh2 Rxc4+ 43. Kb2 Ra6 44. Rc2 Rb4+ 45. Kc1 Rxh4 46. Rcxa2 Rh1+
47. Kb2 Rxa1 48. Kxa1 Rxa2+ 49. Kxa2 Kd5 50. Kb3 h5 51. Kc3 h4 52. Kd2 h3 53.
Ke3 h2 54. Kf4 h1=Q 55. f6 Qe4+ 56. Kg3 Qf5 57. f7 Qxf7 58. Kg4 c4 59. Kg3 c3
60. Kg4 c2 61. Kh3 c1=Q 62. Kg4 Qg1+ 63. Kh4 Qh7# {Hossa checkmated} 0-1

[Event "ICS rated blitz match"]
[Site "204.178.125.65"]
[Date "2000.05.21"]
[Round "?"]
[White "PLUS-MINUS"]
[Black "Hossa"]
[Result "1-0"]
[WhiteElo "2540"]
[BlackElo "2491"]
[PlyCount "61"]
[EventDate "2000.??.??"]

1. c4 Nf6 2. Nc3 e5 3. e4 Bc5 4. g3 Nc6 5. Bg2 Nd4 6. Nge2 d6 7. h3 O-O 8. O-O
Be6 9. d3 Qc8 10. Kh2 Nxe2 11. Nxe2 Qd8 12. f4 Qe7 13. f5 Bd7 14. g4 h6 15. Ng3
Bd4 16. Rb1 Qe8 17. h4 Ba4 18. b3 Bc6 19. g5 hxg5 20. hxg5 Nh7 21. Qh5 Qd8 22.
f6 Bd7 23. Bh3 Bxh3 24. Kxh3 Qd7+ 25. Kg2 Rfd8 26. Rh1 Qh3+ 27. Rxh3 gxf6 28.
Qxh7+ Kf8 29. gxf6 Ke8 30. Qf5 Kf8 31. Rh8# {Hossa checkmated} 1-0

[Event "ICS rated standard match"]
[Site "204.178.125.65"]
[Date "2000.05.21"]
[Round "?"]
[White "DefensiveDude"]
[Black "Hossa"]
[Result "0-1"]
[WhiteElo "2070"]
[BlackElo "2336"]
[PlyCount "78"]
[EventDate "2000.??.??"]

1. e4 Nc6 2. d4 e5 3. dxe5 Nxe5 4. Nf3 Nxf3+ 5. Qxf3 Nf6 6. Bg5 Be7 7. Nc3 d6
8. Bd3 h6 9. Bh4 Bg4 10. Qe3 O-O 11. O-O Re8 12. h3 Be6 13. f4 d5 14. exd5 Nxd5
15. Nxd5 Bxh4 16. Nc3 Bc8 17. Qf3 c6 18. Kh1 Qb6 19. b3 Qb4 20. a3 Qe7 21. Ne4
Be6 22. f5 Bd5 23. g3 Bxg3 24. Qxg3 Bxe4+ 25. Kh2 Bxd3 26. cxd3 Qc5 27. f6 Re2+
28. Kh1 g5 29. Rae1 Qd5+ 30. Kg1 Qd4+ 31. Kh1 Rxe1 32. Qxe1 Qxd3 33. Rf2 Qxb3
34. Qf1 Qxa3 35. h4 Qg3 36. hxg5 hxg5 37. Rg2 Qh4+ 38. Kg1 Re8 39. Rh2 Re1 0-1

[Event "ICS rated standard match"]
[Site "204.178.125.65"]
[Date "2000.05.21"]
[Round "?"]
[White "jacdion"]
[Black "Hossa"]
[Result "1-0"]
[WhiteElo "2343"]
[BlackElo "2342"]
[PlyCount "71"]
[EventDate "2000.??.??"]

1. e4 Nc6 2. Nf3 d6 3. d4 e6 4. Nc3 Nf6 5. d5 Ne5 6. Nxe5 dxe5 7. Bb5+ Bd7 8.
dxe6 fxe6 9. Bxd7+ Qxd7 10. Qxd7+ Kxd7 11. Bg5 Bb4 12. Bd2 Bxc3 13. Bxc3 Nxe4
14. Bxe5 Rhd8 15. f3 Nd6 16. O-O-O g6 17. Rd3 Ke7 18. Rhd1 Rd7 19. Bf4 Rf8 20.
Bg5+ Kf7 21. c4 b6 22. b4 h6 23. Be3 Re7 24. Bxh6 Rc8 25. Bg5 Ree8 26. c5 Nc4
27. Rd7+ Kg8 28. Bf6 e5 29. Rg7+ Kf8 30. Rdd7 Re6 31. Rh7 Ke8 32. Bg5 Nd2 33.
Rdg7 Kf8 34. Bh6 Nb3+ 35. axb3 bxc5 36. Rh8# {Hossa checkmated} 1-0

[Event "ICS rated standard match"]
[Site "204.178.125.65"]
[Date "2000.05.21"]
[Round "?"]
[White "Hossa"]
[Black "jacdion"]
[Result "1/2-1/2"]
[WhiteElo "2326"]
[BlackElo "2359"]
[PlyCount "81"]
[EventDate "2000.??.??"]

1. e4 e5 2. Nf3 Nc6 3. Bb5 a6 4. Ba4 Nf6 5. O-O Be7 6. Bxc6 dxc6 7. Qe1 Nd7 8.
d3 O-O 9. Be3 Bd6 10. Nc3 Nf6 11. Bg5 b6 12. Nd2 h6 13. Bh4 g5 14. Bg3 Nh5 15.
Nc4 Nxg3 16. fxg3 b5 17. Ne3 Bc5 18. Ncd1 f5 19. exf5 Bxf5 20. Kh1 Be6 21. Nf2
Qd4 22. Ned1 Rad8 23. c3 Qd6 24. Ne3 Bb6 25. Qe2 Kg7 26. b4 c5 27. bxc5 Qxc5
28. Ned1 Bf5 29. Re1 Ba5 30. a4 b4 31. cxb4 Bxb4 32. Rf1 Bg6 33. Ne3 Ba5 34.
Rac1 Qd4 35. Nc4 Bc3 36. Ne4 Rxf1+ 37. Rxf1 Bb4 38. Nf2 Bc3 39. Ne4 Bb4 40. Nf2
Bc3 41. Ne4 1/2-1/2

[Event "ICS rated blitz match"]
[Site "204.178.125.65"]
[Date "2000.05.21"]
[Round "?"]
[White "Hossa"]
[Black "QueenMaxima"]
[Result "0-1"]
[WhiteElo "2487"]
[BlackElo "2563"]
[PlyCount "124"]
[EventDate "2000.??.??"]

1. e4 e5 2. Nf3 Nc6 3. Bb5 a6 4. Ba4 Nf6 5. O-O Be7 6. d4 exd4 7. e5 Ne4 8.
Nxd4 O-O 9. Nf5 d5 10. Bxc6 bxc6 11. Nxe7+ Qxe7 12. Re1 Re8 13. f3 Nd6 14. Bf4
Nf5 15. Qd2 Rb8 16. b3 f6 17. h3 Rb4 18. Bh2 Rd4 19. Qc3 Qb4 20. Qxb4 Rxb4 21.
Nc3 fxe5 22. Bxe5 Kf7 23. f4 Rb7 24. g4 Nh4 25. Re3 h5 26. Kf2 hxg4 27. hxg4
Ng6 28. Kg3 a5 29. Rd1 Nxe5 30. Rxe5 Rxe5 31. fxe5 Rb4 32. Rf1+ Ke7 33. Rf4 g5
34. Rxb4 axb4 35. Na4 Ke6 36. Nc5+ Kxe5 37. Nd3+ Kd4 38. Nxb4 Bb7 39. Nd3 Kc3
40. a4 Kxc2 41. Nc5 Bc8 42. a5 d4 43. a6 Bxa6 44. Nxa6 d3 45. Nb4+ Kc3 46. Nxd3
Kxd3 47. Kf2 c5 48. Kf3 c6 49. Kf2 Kc2 50. Kg3 Kxb3 51. Kf3 c4 52. Ke3 c3 53.
Kd3 c2 54. Ke4 c1=Q 55. Kf5 c5 56. Ke5 Qf4+ 57. Kd5 c4 58. Ke6 c3 59. Kd7 c2
60. Ke6 c1=Q 61. Ke7 Qcc7+ 62. Ke6 Qff7# {Hossa checkmated} 0-1

[Event "ICS rated blitz match"]
[Site "204.178.125.65"]
[Date "2000.05.21"]
[Round "?"]
[White "blunite"]
[Black "Hossa"]
[Result "0-1"]
[WhiteElo "2162"]
[BlackElo "2474"]
[PlyCount "74"]
[EventDate "2000.??.??"]

1. Nf3 Nf6 2. c3 g6 3. d4 Bg7 4. e3 O-O 5. Bd3 d6 6. Nbd2 Nc6 7. a3 e5 8. O-O
Bg4 9. h3 Bxf3 10. Qxf3 d5 11. Bc2 Re8 12. Nb3 Qe7 13. Bd2 a6 14. Rae1 Qd6 15.
Bc1 Ne4 16. Nd2 Nxd2 17. Bxd2 f5 18. dxe5 Nxe5 19. Qd1 c5 20. Bc1 b5 21. Qe2
Rab8 22. Rd1 Rbd8 23. Bb3 Nc4 24. Ba2 Be5 25. Qf3 Rd7 26. Kh1 Bh8 27. g3 Bg7
28. Qg2 Qc6 29. Rd3 Re4 30. Rfd1 Nb6 31. f3 Re5 32. e4 c4 33. exd5 Nxd5 34. f4
Re4 35. Rf3 Nxf4 36. Rxd7 Nxg2 37. Rxg7+ Kxg7 {blunite resigns} 0-1

[Event "ICS rated blitz match"]
[Site "204.178.125.65"]
[Date "2000.05.21"]
[Round "?"]
[White "Hossa"]
[Black "blunite"]
[Result "1-0"]
[WhiteElo "2479"]
[BlackElo "2157"]
[PlyCount "55"]
[EventDate "2000.??.??"]

1. e4 b6 2. d4 Bb7 3. Nc3 e6 4. Bd3 Bb4 5. Nf3 Nf6 6. e5 Ne4 7. Bxe4 Bxe4 8.
O-O Bxc3 9. bxc3 O-O 10. Bg5 f6 11. exf6 gxf6 12. Bh6 Re8 13. Re1 Bb7 14. Nd2
Kh8 15. Qh5 Qe7 16. c4 Rg8 17. g3 Na6 18. c3 Rae8 19. a4 c5 20. d5 f5 21. Nf3
Qf6 22. Ne5 Re7 23. d6 Reg7 24. Bxg7+ Kxg7 25. Nxd7 Qf7 26. Qg5+ Kh8 27. Qf6+
Rg7 28. Rxe6 {blunite resigns} 1-0

[Event "ICS rated standard match"]
[Site "204.178.125.65"]
[Date "2000.05.21"]
[Round "?"]
[White "YoChess"]
[Black "Hossa"]
[Result "0-1"]
[WhiteElo "2038"]
[BlackElo "2328"]
[PlyCount "20"]
[EventDate "2000.??.??"]

1. e4 c5 2. Nf3 Nf6 3. Nc3 Nc6 4. e5 Ng4 5. Qe2 Qc7 6. Nb5 Qb8 7. Nd6+ exd6 8.
exd6+ Kd8 9. Ng5 Nh6 10. Ne4 Bxd6 {YoChess resigns} 0-1

[Event "ICS Rated blitz match"]
[Site "204.178.125.65"]
[Date "2000.05.21"]
[Round "?"]
[White "undertaker1"]
[Black "Hossa"]
[Result "1-0"]
[WhiteElo "2597"]
[BlackElo "2483"]
[PlyCount "201"]
[EventDate "2000.??.??"]

1. e4 c5 2. Nf3 Nf6 3. e5 Nd5 4. Nc3 e6 5. Nxd5 exd5 6. d4 Nc6 7. dxc5 Bxc5 8.
Qxd5 Qb6 9. Bc4 Bxf2+ 10. Ke2 O-O 11. Rf1 Bc5 12. Ng5 Nd4+ 13. Kd1 Ne6 14. Ne4
Bd4 15. c3 Bg1 16. h4 Be3 17. Bxe3 Qxe3 18. Nd6 a5 19. Kc2 a4 20. Nf5 Qb6 21.
Qd6 Qxd6 22. exd6 f6 23. Ne7+ Kf7 24. Rae1 a3 25. Bd3 g6 26. h5 gxh5 27. Bxh7
axb2 28. Kxb2 Rh8 29. Bg6+ Kg7 30. Bf5 Nc5 31. Nxc8 Rhxc8 32. Re7+ Kh8 33. Bc2
Na4+ 34. Bxa4 Rxa4 35. Rxd7 Rca8 36. Rxf6 Rxa2+ 37. Kb3 Rxg2 38. Rh6+ Kg8 39.
Rxh5 Raa2 40. Re7 Rab2+ 41. Ka3 Ra2+ 42. Kb4 Rg4+ 43. Kb3 Ra6 44. d7 Rb6+ 45.
Kc2 Rg2+ 46. Kd3 Rd6+ 47. Kc4 Rgd2 48. Rg5+ Kf8 49. Rgg7 Rf6 50. Rh7 Rc6+ 51.
Kb4 Kg8 52. Rhg7+ Kh8 53. c4 Rb6+ 54. Kc3 Rbd6 55. Rh7+ Kg8 56. Reg7+ Kf8 57.
Rf7+ Kg8 58. Rhg7+ Kh8 59. Re7 R2d3+ 60. Kb4 Rd2 61. Rh7+ Kg8 62. Reg7+ Kf8 63.
Rf7+ Kg8 64. Rhg7+ Kh8 65. c5 R6d3 66. Rh7+ Kg8 67. Rfg7+ Kf8 68. Re7 Kg8 69.
Rhg7+ Kh8 70. Kb5 Rb3+ 71. Kc4 Rbd3 72. Rh7+ Kg8 73. Reg7+ Kf8 74. Rf7+ Kg8 75.
Rhg7+ Kh8 76. Re7 Rd4+ 77. Kb5 Rb2+ 78. Ka5 Rdd2 79. Rh7+ Kg8 80. Reg7+ Kf8 81.
Rf7+ Kg8 82. Rhg7+ Kh8 83. Rg1 b6+ 84. cxb6 Ra2+ 85. Kb5 Ra8 86. Rh1+ Kg8 87.
Rfh7 Rd5+ 88. Kc6 Raa5 89. d8=Q+ Rxd8 90. Rh8+ Kg7 91. Rxd8 Ra2 92. Rg1+ Kf6
93. b7 Rc2+ 94. Kd7 Rd2+ 95. Ke8 Rb2 96. b8=Q Re2+ 97. Kf8 Kf5 98. Rd5+ Ke4 99.
Qe5+ Kf3 100. Rd3+ Re3 101. Qxe3# {Hossa checkmated} 1-0

[Event "ICS rated blitz match"]
[Site "204.178.125.65"]
[Date "2000.05.21"]
[Round "?"]
[White "Hossa"]
[Black "undertaker1"]
[Result "0-1"]
[WhiteElo "2472"]
[BlackElo "2608"]
[PlyCount "116"]
[EventDate "2000.??.??"]

1. e4 e5 2. Nf3 Nc6 3. Nc3 g6 4. Bc4 Bg7 5. O-O d6 6. Bb5 Nge7 7. d3 a6 8. Bc4
Na5 9. Bd5 O-O 10. Bg5 h6 11. Bxe7 Qxe7 12. a4 Bd7 13. Qd2 Qf6 14. b4 Nc6 15.
Bxc6 bxc6 16. Qc1 Rfb8 17. Rb1 Rb7 18. Nd2 Rab8 19. Qa3 Bh3 20. Nc4 Qg5 21. Ne3
Bf8 22. a5 Bg7 23. Qa4 Bd7 24. Rfe1 Qe7 25. Qa3 Qf6 26. Rf1 Qg5 27. Rfd1 Qh4
28. f3 Qg5 29. Nc4 Bh3 30. Rd2 Be6 31. Re2 d5 32. Nd2 d4 33. Na4 Bf8 34. c3 c5
35. Qb2 Bd7 36. Ra1 dxc3 37. Qxc3 cxb4 38. Qc1 Bxa4 39. Rxa4 b3 40. Rc4 Qd8 41.
Nf1 Bb4 42. d4 exd4 43. Rc6 Bc3 44. Rc5 b2 45. Qb1 Qd6 46. Rd5 Qa3 47. Nd2 c6
48. Re5 Qa1 49. Re1 d3 50. Rd1 Bxd2 51. Qxa1 Be3+ 52. Kh1 bxa1=Q 53. g3 Qxd1+
54. Kg2 Rb2+ 55. Kh3 h5 56. Rxh5 gxh5 57. g4 Qxf3+ 58. Kh4 Rxh2# {
Hossa checkmated} 0-1

[Event "ICS rated standard match"]
[Site "204.178.125.65"]
[Date "2000.05.21"]
[Round "?"]
[White "cmslim"]
[Black "Hossa"]
[Result "1/2-1/2"]
[WhiteElo "2489"]
[BlackElo "2329"]
[PlyCount "164"]
[EventDate "2000.??.??"]

1. Nf3 Nf6 2. d4 g6 3. Nbd2 d5 4. c4 dxc4 5. Nxc4 Nc6 6. e3 Bg7 7. Nce5 Nxe5 8.
Nxe5 O-O 9. Bc4 c5 10. O-O cxd4 11. exd4 Nd5 12. b3 Bf5 13. Ba3 Qa5 14. Qf3
Rad8 15. Bxd5 Qxa3 16. Bxf7+ Rxf7 17. Nxf7 Rxd4 18. Ng5 h6 19. Nh3 Rd3 20. Qxb7
Bxa1 21. Rxa1 Qxa2 22. Qb8+ Kh7 23. Qe5 Qxa1+ 24. Qxa1 Rxb3 25. Nf4 Rb1+ 26.
Qxb1 Bxb1 27. Nd5 a5 28. Nc3 Bf5 29. Kf1 Kg7 30. Ke2 Be6 31. Ke3 Kf6 32. Kd4
Bd7 33. Kc5 Ke5 34. Nd5 Ke6 35. Nb6 Be8 36. g4 Kf6 37. f4 h5 38. Nd5+ Kf7 39.
gxh5 gxh5 40. h4 e6 41. Nb6 Ke7 42. Nc4 a4 43. Kd4 Bb5 44. Na3 Bf1 45. Ke5 Kd7
46. Nc2 Bc4 47. Kd4 Bb3 48. Na3 Kc6 49. Nb1 Kb5 50. Kc3 Kc5 51. Nd2 Kd5 52. Kd3
Bd1 53. Nb1 Kc5 54. Kc3 Bf3 55. Nd2 Bb7 56. Nc4 Bd5 57. Ne5 Be4 58. Nd7+ Kb5
59. Ne5 Bg2 60. Nd7 Bd5 61. Nf6 Bf3 62. Nd7 Bg4 63. Ne5 Bd1 64. Nc4 Bf3 65. f5
exf5 66. Nd6+ Kc6 67. Nxf5 Bg4 68. Ng7 Kc5 69. Nxh5 Bxh5 70. Kb2 Kc4 71. Ka3
Kb5 72. Ka2 Kb4 73. Ka1 Kb3 74. Kb1 Bg6+ 75. Ka1 a3 76. h5 Bh7 77. h6 Kc3 78.
Ka2 Kb4 79. Ka1 Kb5 80. Ka2 Ka4 81. Ka1 Kb5 82. Ka2 Kb4 1/2-1/2

[Event "ICS rated blitz match"]
[Site "204.178.125.65"]
[Date "2000.05.21"]
[Round "?"]
[White "Hossa"]
[Black "Ramiro"]
[Result "1-0"]
[WhiteElo "2464"]
[BlackElo "2267"]
[PlyCount "47"]
[EventDate "2000.??.??"]

1. e4 e5 2. Nf3 Nc6 3. Bb5 a6 4. Ba4 Nf6 5. O-O Be7 6. d3 b5 7. Bb3 O-O 8. c3
d6 9. Be3 Bb7 10. Nbd2 Re8 11. Ng5 Rf8 12. f4 Na5 13. Bxf7+ Rxf7 14. Nxf7 Kxf7
15. fxe5 dxe5 16. Nf3 Nc6 17. Qb3+ Ke8 18. Ng5 Qd7 19. Qf7+ Kd8 20. Rxf6 gxf6
21. Qg8+ Qe8 22. Nf7+ Kd7 23. Qg4+ f5 24. Qxf5# {Ramiro checkmated} 1-0

[Event "ICS rated blitz match"]
[Site "204.178.125.65"]
[Date "2000.05.21"]
[Round "?"]
[White "WICKER-MAN"]
[Black "Hossa"]
[Result "1-0"]
[WhiteElo "1955"]
[BlackElo "2472"]
[PlyCount "141"]
[EventDate "2000.??.??"]

1. e4 e5 2. d4 exd4 3. c3 dxc3 4. Bc4 cxb2 5. Bxb2 d5 6. Bxd5 Nd7 7. Nf3 Ngf6
8. Bb3 Bb4+ 9. Nc3 Nxe4 10. Bxf7+ Kf8 11. O-O Bxc3 12. Ba3+ Kxf7 13. Qd5+ Kf6
14. Qxe4 g6 15. Rac1 Be5 16. Rfe1 Re8 17. Qh4+ Kg7 18. Qxd8 Rxd8 19. Nxe5 Nxe5
20. Rxe5 c6 21. Re7+ Kh6 22. h4 Rd2 23. Rc5 Rxa2 24. Bc1+ g5 25. Rxg5 Ra1 26.
Re1 b6 27. Rg8+ Rxc1 28. Rxc1 Bb7 29. Rg5 Re8 30. Rd1 Bc8 31. Rd6+ Re6 32. Rd8
Ba6 33. Rd7 Bc4 34. Rxa7 Re4 35. g3 Re1+ 36. Kg2 Bd5+ 37. Rxd5 cxd5 38. Ra6 Rb1
39. Kf3 Kg6 40. Ke3 Kf5 41. Kd4 Ke6 42. Ra7 h5 43. Rh7 Rd1+ 44. Ke3 Re1+ 45.
Kd3 Re5 46. Rh6+ Ke7 47. Rxb6 Re6 48. Rxe6+ Kxe6 49. f3 Kf5 50. Kd4 Kg6 51.
Kxd5 Kf5 52. Kd4 Ke6 53. Ke4 Kd6 54. Kf4 Ke6 55. g4 Kd5 56. g5 Ke6 57. Ke4 Kf7
58. f4 Kg6 59. f5+ Kg7 60. Ke5 Kf7 61. f6 Kf8 62. Kf5 Ke8 63. g6 Kd7 64. f7 Kc6
65. g7 Kd5 66. g8=Q Kd4 67. f8=Q Kc3 68. Qg3+ Kc2 69. Qfa3 Kd2 70. Qb2+ Kd1 71.
Qg1# {Hossa checkmated} 1-0

[Event "ICS rated blitz match"]
[Site "204.178.125.65"]
[Date "2000.05.21"]
[Round "?"]
[White "Hossa"]
[Black "WICKER-MAN"]
[Result "1-0"]
[WhiteElo "2442"]
[BlackElo "1985"]
[PlyCount "69"]
[EventDate "2000.??.??"]

1. e4 e5 2. Nf3 d6 3. Bc4 Be7 4. d4 Nc6 5. d5 Na5 6. Be2 b6 7. b4 Nb7 8. Bb5+
Bd7 9. Ba6 Bc8 10. c4 Nf6 11. Nc3 O-O 12. O-O Rb8 13. a4 Nd7 14. Be3 f5 15.
exf5 Nf6 16. Nb5 Bxf5 17. Nxa7 Qe8 18. Nc6 Bg4 19. Bg5 e4 20. Qe1 Bxf3 21. gxf3
Nxd5 22. Qxe4 Bxg5 23. Qxd5+ Kh8 24. Nxb8 Qg6 25. Kh1 Bf6 26. Nd7 Rd8 27. Nxf6
Qxf6 28. Qxb7 d5 29. Qxc7 Qxf3+ 30. Kg1 Rf8 31. cxd5 h5 32. Qd7 Rf5 33. Qe8+
Kh7 34. Qe3 Rg5+ 35. Qxg5 {WICKER-MAN resigns} 1-0

[Event "ICS Rated blitz match"]
[Site "204.178.125.65"]
[Date "2000.05.21"]
[Round "?"]
[White "undertaker1"]
[Black "Hossa"]
[Result "1-0"]
[WhiteElo "2608"]
[BlackElo "2444"]
[PlyCount "143"]
[EventDate "2000.??.??"]

1. e4 e5 2. Nf3 Nc6 3. Bb5 a6 4. Ba4 Nf6 5. O-O Be7 6. Re1 b5 7. Bb3 d6 8. c3
O-O 9. h3 Na5 10. Bc2 c5 11. d4 Nd7 12. Nbd2 cxd4 13. cxd4 Nc6 14. Nb3 a5 15.
Be3 a4 16. Nbd2 Nb4 17. Bb1 a3 18. Qb3 Qa5 19. Rc1 axb2 20. Qxb2 Qa3 21. Qxa3
Rxa3 22. Nb3 f5 23. exf5 Nd5 24. Bd3 Ba6 25. dxe5 dxe5 26. Bd2 b4 27. Be4 N5f6
28. Bg5 Bd6 29. Nfd2 Be2 30. Bc6 Ra7 31. Nc4 Bxc4 32. Rxc4 Nb6 33. Rc2 Rc7 34.
Rd1 Rd8 35. Na5 Be7 36. Rxd8+ Bxd8 37. Re2 Ra7 38. Rxe5 Kf7 39. Rb5 Nc8 40. Nc4
Rxa2 41. Ne5+ Ke7 42. Rxb4 Nd6 43. g4 Ra1+ 44. Kg2 Bc7 45. Rd4 Ba5 46. Bf4 Bc7
47. Nc4 Nxc4 48. Bxc7 Na5 49. Ba4 Nb7 50. g5 Nd5 51. Be5 Nb6 52. f6+ gxf6 53.
Bxf6+ Kf8 54. Bc6 Ra7 55. Rb4 Nc5 56. Rxb6 Nd7 57. Bxd7 Rxd7 58. f4 Kf7 59. f5
Ke8 60. g6 Rd2+ 61. Kf3 Rd3+ 62. Kf4 hxg6 63. fxg6 Rd1 64. Kf5 Kd7 65. g7 Rg1
66. Bg5 Ra1 67. g8=Q Ra5+ 68. Kg6 Rxg5+ 69. Kxg5 Kc7 70. Qb8+ Kd7 71. Qa7+ Kc8
72. Rb8# {Hossa checkmated} 1-0